Đạo đức kinh doanh cẩm nang quản lý doanh nghiệp kinh doanh có trách nhiệm trong các nền kinh tế thị trường mới nỗi

Sách cung cấp một hướng dẫn thực tế để hổ trợ cho chủ sở hữu và các nhà quản lý đáp ứng được những tiêu chuẩn toàn cầu đang nổi lên và những mong đợi về một chương trình đạo đức kinh doanh hiệu quả....

全面介绍

Đã lưu trong:
书目详细资料
Nhiều tác giả của công ty: United States Department of Commerce, International Trade Administration
格式: 图书
语言:Undetermined
出版: Hà Nội Trẻ 2007
主题:
标签: 添加标签
没有标签, 成为第一个标记此记录!
Thư viện lưu trữ: Trung tâm Học liệu Trường Đại học Cần Thơ
LEADER 01207nam a2200217Ia 4500
001 CTU_128598
008 210402s9999 xx 000 0 und d
020 |c 79500 
082 |a 174 
082 |b U58 
110 |a United States Department of Commerce 
110 |b International Trade Administration 
245 0 |a Đạo đức kinh doanh cẩm nang quản lý doanh nghiệp kinh doanh có trách nhiệm trong các nền kinh tế thị trường mới nỗi 
245 0 |c United States Department of Commerce; Nguyễn Thị Hoàng Oanh, Đặng Thuỳ Trang biên dịch; Vũ Thành Tự Anh, Nguyễn Quý Tâm hiệu đính 
260 |a Hà Nội 
260 |b Trẻ 
260 |c 2007 
520 |a Sách cung cấp một hướng dẫn thực tế để hổ trợ cho chủ sở hữu và các nhà quản lý đáp ứng được những tiêu chuẩn toàn cầu đang nổi lên và những mong đợi về một chương trình đạo đức kinh doanh hiệu quả. 
650 |a Business ethics 
904 |i Tuyến 
980 |a Trung tâm Học liệu Trường Đại học Cần Thơ